000 00606nam a2200289Ia 4500
005 20260401122108.0
008 008 250103s9999 xx 000 0 eng d
020 _a0-09-932451-2
037 _aTB
040 _aEDL
040 _beng
040 _cEDL
041 _2eng
041 _aeng
084 _aA823 WHI
084 _qEDL
100 _aWhite, Patrick
_91232579
245 0 _aTree of Man
245 0 _cWhite, Patrick
260 _aLondon
260 _bVintage
260 _c1994
942 _cTB
942 _hA823 WHI
999 _c1844880
_d1844880